000 00517nam a22001937a 4500
005 20250318122551.0
008 250318b |||||||| |||| 00| 0 eng d
020 _a9789359986449
_c355.00
040 _aMAIN
041 _aEnglish
082 _a620
_bSAX
100 _aSaxena, Sanjay
_98167
245 _aGATE Graduate aptitude test in engineering
_b: Solved Papers 2024-2000 Chemistry
260 _aNew Delhi
_bArihant
_c2024
300 _a156
650 _aChemistry
700 _aGupta, Preeti
942 _cBK
999 _c59483
_d59483